[Event "Niemann-Vidit m"]
[Site "Endgame.AI INT"]
[Date "2025.06.28"]
[Round "4"]
[White "Niemann, Hans Moke"]
[Black "Vidit, Santosh Gujrathi"]
[Result "1-0"]
[WhiteElo "2736"]
[BlackElo "2720"]
[PlyCount "85"]
[EventDate "2025.06.28"]
[EventType "match (blitz)"]
[EventRounds "18"]
[EventCountry "USA"]
[SourceTitle "CB27_2025"]
[SourceDate "2025.07.02"]
[SourceVersion "1"]
[SourceVersionDate "2025.07.02"]
[SourceQuality "1"]

1. e4 e5 2. Nf3 Nc6 3. Bc4 Bc5 4. d3 d6 5. c3 Nf6 6. 0-0 0-0 7. Re1 Bb6 8. Nbd2 Ng4 9. Re2 Na5 10. h3 Nh6 11. b4 Nxc4 12. Nxc4 f5 13. Bxh6 gxh6 14. Nxb6 axb6 15. d4 fxe4 16. Rxe4 Bf5 17. Re3 e4 18. Nd2 d5 19. Qh5 Qd6 20. Qh4 b5 21. f3 exf3 22. Rxf3 Bg6 23. Qxh6 Qc6 24. Raf1 Rxf3 25. Rxf3 Qd6 26. Nf1 Rxa2 27. Ng3 Ra1+ 28. Kh2 Re1 29. h4 Re8 30. Qg5 Kh8 31. Rf6 Qe7 32. h5 Be4 33. Qf4 Rg8 34. Rf7 Rg4 35. Rf8+ Rg8 36. Rf7 Rg4 37. Qe5+ Qxe5 38. dxe5 Rh4+ 39. Kg1 Rg4 40. e6 Rxg3 41. e7 Rxg2+ 42. Kf1 Rg8 43. Rf8 1-0

[Event "Niemann-Vidit m"]
[Site "Endgame.AI INT"]
[Date "2025.06.28"]
[Round "8"]
[White "Niemann, Hans Moke"]
[Black "Vidit, Santosh Gujrathi"]
[Result "0-1"]
[WhiteElo "2736"]
[BlackElo "2720"]
[PlyCount "58"]
[EventDate "2025.06.28"]
[EventType "match (blitz)"]
[EventRounds "18"]
[EventCountry "USA"]
[SourceTitle "CB27_2025"]
[SourceDate "2025.07.02"]
[SourceVersion "1"]
[SourceVersionDate "2025.07.02"]
[SourceQuality "1"]

1. e4 e5 2. Nf3 Nc6 3. Bc4 Bc5 4. d3 d6 5. 0-0 Nf6 6. c3 0-0 7. Re1 a5 8. Nbd2 Be6 9. Bb5 Ba7 10. Nf1 Ne7 11. d4 Ng6 12. h3 exd4 13. Nxd4 c6 14. Bd3 Re8 15. Ng3 Nd7 16. Bc2 Qh4 17. Be3 Bxd4 18. cxd4 d5 19. Qd2 h6 20. Nf5 Bxf5 21. exf5 Ngf8 22. Bf4 Nh7 23. Bg3 Qf6 24. h4 Rxe1+ 25. Rxe1 Qd8 26. f3 a4 27. a3 Nb6 28. Qb4 Nf6 29. Re4 dxe4 0-1

[Event "Niemann-Vidit m"]
[Site "Endgame.AI INT"]
[Date "2025.06.28"]
[Round "14"]
[White "Niemann, Hans Moke"]
[Black "Vidit, Santosh Gujrathi"]
[Result "1-0"]
[WhiteElo "2736"]
[BlackElo "2720"]
[PlyCount "65"]
[EventDate "2025.06.28"]
[EventType "match (blitz)"]
[EventRounds "18"]
[EventCountry "USA"]
[SourceTitle "CB27_2025"]
[SourceDate "2025.07.02"]
[SourceVersion "1"]
[SourceVersionDate "2025.07.02"]
[SourceQuality "1"]

1. e4 c5 2. Nf3 d6 3. Bb5+ Nd7 4. Ba4 Ngf6 5. 0-0 Qa5 6. c4 e6 7. Nc3 Be7 8. d3 0-0 9. Qe2 a6 10. Bd2 Qc7 11. Ne1 Ne5 12. f4 Nc6 13. Bxc6 Qxc6 14. Nf3 b5 15. b3 Bb7 16. Rae1 Rfe8 17. Qf2 Nd7 18. Qg3 Rad8 19. Kh1 Bf6 20. Ng5 Nf8 21. h4 h6 22. Nf3 Kh8 23. h5 b4 24. Ne2 d5 25. cxd5 exd5 26. e5 Be7 27. f5 Nh7 28. Nf4 Bg5 29. e6 Bxf4 30. Bxf4 fxe6 31. Ne5 Qb5 32. Nf7+ Kg8 33. Bxh6 1-0

[Event "Niemann-Vidit m"]
[Site "Endgame.AI INT"]
[Date "2025.06.28"]
[Round "18"]
[White "Niemann, Hans Moke"]
[Black "Vidit, Santosh Gujrathi"]
[Result "1/2-1/2"]
[WhiteElo "2736"]
[BlackElo "2720"]
[PlyCount "152"]
[EventDate "2025.06.28"]
[EventType "match (blitz)"]
[EventRounds "18"]
[EventCountry "USA"]
[SourceTitle "CB27_2025"]
[SourceDate "2025.07.02"]
[SourceVersion "1"]
[SourceVersionDate "2025.07.02"]
[SourceQuality "1"]

1. e4 e5 2. Nf3 Nc6 3. Bc4 Bc5 4. d3 d6 5. c3 Bb6 6. 0-0 Nf6 7. Re1 0-0 8. Nbd2 Ng4 9. Re2 Na5 10. h3 Nf6 11. b4 Nxc4 12. Nxc4 h6 13. a4 c6 14. Nxb6 axb6 15. Be3 Re8 16. Re1 d5 17. Qc2 Qc7 18. c4 dxe4 19. dxe4 Be6 20. Nd2 Red8 21. Qc3 Nh5 22. a5 bxa5 23. bxa5 Rd7 24. Nb3 Nf4 25. Nc5 Rdd8 26. Rab1 Bc8 27. Rb6 Ne6 28. Nd3 f6 29. Reb1 Qf7 30. f3 Qg6 31. Kh2 Ng5 32. Nf2 Qh5 33. R6b2 Kh7 34. Rd2 Rxd2 35. Qxd2 Ne6 36. Nd3 Nd4 37. Bxd4 exd4 38. c5 Qf7 39. Rb6 Qc7+ 40. Kg1 Qg3 41. Nf2 Qe5 42. Nd3 Qg5 43. Qxg5 hxg5 44. Rb4 Rxa5 45. Rxd4 Ra1+ 46. Kh2 Be6 47. Rd6 Bc4 48. Nf2 Ra5 49. Rd7 Ba6 50. Ng4 Kg8 51. Ne3 Rxc5 52. Nf5 Kf8 53. Nxg7 Rc2 54. Kg1 Rc1+ 55. Kh2 Rc2 56. Nf5 Be2 57. Kg3 Ba6 58. Ne3 Rb2 59. h4 gxh4+ 60. Kxh4 c5 61. Rc7 c4 62. g4 Rb3 63. Nd5 Rxf3 64. g5 fxg5+ 65. Kxg5 Rf7 66. Rc8+ Kg7 67. e5 Rd7 68. Nf4 Rd1 69. Rc7+ Kf8 70. Kf6 Ke8 71. e6 Kd8 72. Rc5 Re1 73. Nd5 b6 74. Nxb6 c3 75. Rxc3 Rf1+ 76. Ke5 Re1+ 1/2-1/2

[Event "Niemann-Vidit m"]
[Site "Endgame.AI INT"]
[Date "2025.06.28"]
[Round "9"]
[White "Vidit, Santosh Gujrathi"]
[Black "Niemann, Hans Moke"]
[Result "0-1"]
[WhiteElo "2720"]
[BlackElo "2736"]
[PlyCount "62"]
[EventDate "2025.06.28"]
[EventType "match (blitz)"]
[EventRounds "18"]
[EventCountry "USA"]
[SourceTitle "CB27_2025"]
[SourceDate "2025.07.02"]
[SourceVersion "1"]
[SourceVersionDate "2025.07.02"]
[SourceQuality "1"]

1. d4 Nf6 2. c4 e6 3. Nc3 Bb4 4. e3 0-0 5. Bd3 d5 6. Nf3 b6 7. cxd5 exd5 8. 0-0 c5 9. Ne5 Bb7 10. a3 Bxc3 11. bxc3 Nc6 12. a4 Re8 13. Bb5 Re6 14. Nxc6 Bxc6 15. dxc5 bxc5 16. c4 d4 17. exd4 cxd4 18. Ra3 Bb7 19. a5 a6 20. Ba4 Ne4 21. Bb2 Qg5 22. f3 Nc3 23. Bxc3 dxc3 24. Rxc3 Qxa5 25. Rd3 Qc5+ 26. Kh1 g6 27. Qb3 Bc6 28. Rfd1 a5 29. Rd8+ Rxd8 30. Rxd8+ Kg7 31. Qc3+ Qe5 0-1

[Event "Niemann-Vidit m"]
[Site "Endgame.AI INT"]
[Date "2025.06.28"]
[Round "11"]
[White "Vidit, Santosh Gujrathi"]
[Black "Niemann, Hans Moke"]
[Result "0-1"]
[WhiteElo "2720"]
[BlackElo "2736"]
[PlyCount "82"]
[EventDate "2025.06.28"]
[EventType "match (blitz)"]
[EventRounds "18"]
[EventCountry "USA"]
[SourceTitle "CB27_2025"]
[SourceDate "2025.07.02"]
[SourceVersion "1"]
[SourceVersionDate "2025.07.02"]
[SourceQuality "1"]

1. e4 e5 2. Nf3 Nc6 3. Bc4 Nf6 4. d3 h6 5. a4 d6 6. a5 g5 7. h3 Bg7 8. Nc3 0-0 9. Be3 Ne7 10. d4 d5 11. dxe5 Nxe4 12. Nxd5 Be6 13. Nxe7+ Qxe7 14. Bxe6 Rad8 15. Bd5 c6 16. Bxe4 Rxd1+ 17. Kxd1 f5 18. Bd3 Bxe5 19. Nxe5 Qxe5 20. Kc1 f4 21. Bd2 f3 22. g4 Re8 23. Be3 Qd6 24. h4 Rxe3 25. fxe3 Qg3 26. hxg5 hxg5 27. Kd2 Qf2+ 28. Kc3 Qxe3 29. b4 c5 30. bxc5 Qxc5+ 31. Kb3 b5 32. Raf1 Qd5+ 33. Kc3 Qe5+ 34. Kb3 Qd5+ 35. Kb2 Qd4+ 36. Kb1 Qb4+ 37. Kc1 Qf4+ 38. Kb2 Qxg4 39. Rhg1 Qb4+ 40. Kc1 Qf4+ 41. Kd1 g4 0-1

[Event "Niemann-Vidit m"]
[Site "Endgame.AI INT"]
[Date "2025.06.28"]
[Round "15"]
[White "Vidit, Santosh Gujrathi"]
[Black "Niemann, Hans Moke"]
[Result "1/2-1/2"]
[WhiteElo "2720"]
[BlackElo "2736"]
[PlyCount "87"]
[EventDate "2025.06.28"]
[EventType "match (blitz)"]
[EventRounds "18"]
[EventCountry "USA"]
[SourceTitle "CB27_2025"]
[SourceDate "2025.07.02"]
[SourceVersion "1"]
[SourceVersionDate "2025.07.02"]
[SourceQuality "1"]

1. c4 Nf6 2. g3 c6 3. Bg2 d5 4. Nf3 g6 5. b3 Bg7 6. Bb2 0-0 7. 0-0 Bg4 8. d3 Bxf3 9. Bxf3 Nbd7 10. Nd2 e6 11. b4 Ne8 12. Qb3 Bxb2 13. Qxb2 Qf6 14. Rfb1 Qxb2 15. Rxb2 Nd6 16. c5 Nf5 17. Nb3 b6 18. Rc1 Rfb8 19. cxb6 Rxb6 20. a3 a5 21. bxa5 Rb5 22. Rbb1 Rab8 23. Nd2 Rxa5 24. Rxc6 Rba8 25. Rc7 Ne5 26. Bg2 Rxa3 27. e4 dxe4 28. Nxe4 R8a7 29. Rxa7 Rxa7 30. Rd1 Nd4 31. f4 Ng4 32. h3 Ne3 33. Re1 Nef5 34. g4 Nh4 35. Rf1 Ra3 36. Nf6+ Kg7 37. Ne8+ Kf8 38. Nf6 h6 39. Be4 Rb3 40. Kf2 Kg7 41. Ne8+ Kf8 42. Nf6 Kg7 43. Ne8+ Kf8 44. Nf6 1/2-1/2

[Event "Niemann-Giri Re m"]
[Site "Endgame.AI INT"]
[Date "2025.06.18"]
[Round "2"]
[White "Giri, Anish"]
[Black "Niemann, Hans Moke"]
[Result "1-0"]
[WhiteElo "2748"]
[BlackElo "2736"]
[PlyCount "117"]
[EventDate "2025.06.18"]
[EventType "match (blitz)"]
[EventRounds "18"]
[EventCountry "USA"]
[SourceTitle "CB26_2025"]
[SourceDate "2025.06.25"]
[SourceVersion "1"]
[SourceVersionDate "2025.06.25"]
[SourceQuality "1"]

1. e4 e5 2. Nf3 Nc6 3. Bb5 a6 4. Ba4 Nf6 5. 0-0 Be7 6. d3 b5 7. Bb3 d6 8. c3 0-0 9. h3 Re8 10. Re1 h6 11. Nbd2 Bf8 12. d4 Bb7 13. Bc2 g6 14. b3 Bg7 15. d5 Nb8 16. c4 Nbd7 17. a4 c6 18. Ba3 Qc7 19. Bd3 bxa4 20. bxa4 a5 21. Nb3 c5 22. Nc1 Nb8 23. Na2 Na6 24. Nc3 Nb4 25. Nb5 Qe7 26. Bf1 Nh7 27. Bc1 f5 28. exf5 gxf5 29. Ra3 Rf8 30. Nh2 Rae8 31. f4 e4 32. Be2 Kh8 33. Nf1 Ba6 34. Rg3 Bxb5 35. axb5 Bd4+ 36. Be3 Qf6 37. Kh2 Rg8 38. Bh5 Ra8 39. b6 Rab8 40. Rxg8+ Rxg8 41. g3 Nd3 42. Re2 Qg7 43. Rg2 a4 44. Qxa4 Ne1 45. Rg1 Bxe3 46. Nxe3 Qb2+ 47. Kh1 Nf6 48. Rxe1 Nxh5 49. Nxf5 Qf2 50. Rg1 Nxf4 51. Qa1+ Kh7 52. Qa7+ Kh8 53. Qa1+ Kh7 54. Qf1 Qxf1 55. Rxf1 Nd3 56. b7 Rb8 57. Nxd6 e3 58. Rf7+ Kg6 59. Re7 1-0

[Event "Niemann-Giri Re m"]
[Site "Endgame.AI INT"]
[Date "2025.06.18"]
[Round "4"]
[White "Giri, Anish"]
[Black "Niemann, Hans Moke"]
[Result "0-1"]
[WhiteElo "2748"]
[BlackElo "2736"]
[PlyCount "60"]
[EventDate "2025.06.18"]
[EventType "match (blitz)"]
[EventRounds "18"]
[EventCountry "USA"]
[SourceTitle "CB26_2025"]
[SourceDate "2025.06.25"]
[SourceVersion "1"]
[SourceVersionDate "2025.06.25"]
[SourceQuality "1"]

1. e4 e5 2. Nf3 Nc6 3. Bb5 a6 4. Ba4 Nf6 5. 0-0 Be7 6. d3 b5 7. Bb3 d6 8. c3 0-0 9. h3 h6 10. Re1 Re8 11. Nbd2 Bf8 12. d4 Bb7 13. Bc2 g6 14. b3 Bg7 15. Bb2 exd4 16. cxd4 Nb4 17. Bb1 c5 18. d5 Nxe4 19. Bxg7 Nxd2 20. Rxe8+ Qxe8 21. Bb2 Nxb1 22. Rxb1 Qe4 23. Ra1 Nd3 24. Bf6 Qf5 25. Be7 Qxd5 26. Qd2 Re8 27. Bf6 Qf5 28. Bc3 b4 29. Qxh6 bxc3 30. Ng5 Qxf2+ 0-1

[Event "Niemann-Giri Re m"]
[Site "Endgame.AI INT"]
[Date "2025.06.18"]
[Round "8"]
[White "Giri, Anish"]
[Black "Niemann, Hans Moke"]
[Result "1/2-1/2"]
[WhiteElo "2748"]
[BlackElo "2736"]
[PlyCount "240"]
[EventDate "2025.06.18"]
[EventType "match (blitz)"]
[EventRounds "18"]
[EventCountry "USA"]
[SourceTitle "CB26_2025"]
[SourceDate "2025.06.25"]
[SourceVersion "1"]
[SourceVersionDate "2025.06.25"]
[SourceQuality "1"]

1. d4 Nf6 2. c4 e6 3. Nf3 b6 4. e3 Bb7 5. Bd3 d5 6. cxd5 exd5 7. 0-0 Bd6 8. b3 0-0 9. Ba3 c5 10. Nc3 Nbd7 11. Rc1 Rc8 12. Bf5 Qe7 13. Re1 Rfe8 14. g3 a6 15. dxc5 bxc5 16. Na4 Rc7 17. Bh3 Ne4 18. Bb2 Ndf6 19. Nc3 Bc6 20. Nxe4 Nxe4 21. Bg2 Ba8 22. Nd2 f5 23. Nxe4 fxe4 24. Qe2 Bc6 25. Rcd1 Qe6 26. Rd2 Bf8 27. Red1 Rd7 28. Qxa6 Ra8 29. Bh3 Qd6 30. Qe2 Rda7 31. a3 Qh6 32. Bg2 Qe6 33. Qh5 Rb7 34. b4 cxb4 35. axb4 Bxb4 36. Bh3 Qf7 37. Qxf7+ Kxf7 38. Rxd5 Bxd5 39. Rxd5 Ra2 40. Bd4 Be1 41. Rf5+ Ke8 42. Re5+ Re7 43. Rxe7+ Kxe7 44. Kf1 Bxf2 45. Bg4 Kd6 46. Bf5 g6 47. Bxe4 Ke6 48. Bd3 Kd5 49. Be2 Bxe3 50. Bxe3 Ke5 51. Bf2 Kf6 52. Bf3 Ra4 53. Kg2 Rb4 54. Be3 Rb2+ 55. Kg1 Rb1+ 56. Kf2 Rb2+ 57. Be2 Kf7 58. Kf3 Kf8 59. Bh6+ Ke7 60. Bg5+ Kf8 61. Bh6+ Ke7 62. h4 Rb3+ 63. Kf2 Rb2 64. Bg7 Ra2 65. Bd4 Ra4 66. Bc5+ Kf7 67. Kf3 Ra5 68. Bc4+ Kg7 69. Bd4+ Kf8 70. Be3 h5 71. Bd3 Kf7 72. Ke4 Ra8 73. Bc4+ Kg7 74. Bd4+ Kh7 75. Ke5 Rf8 76. Be3 Re8+ 77. Kd4 Rf8 78. Bf4 Kg7 79. Ke5 Re8+ 80. Be6 Ra8 81. Bd5 Re8+ 82. Be6 Ra8 83. Kd6 Ra6+ 84. Ke7 Ra7+ 85. Bd7 Rb7 86. Be5+ Kh7 87. Ke8 Ra7 88. Bf6 Ra8+ 89. Kf7 Ra7 90. Ke6 Ra6+ 91. Ke7 Ra7 92. Be5 Rb7 93. Ke6 Rb6+ 94. Kd5 Rb7 95. Bc6 Ra7 96. Bf4 Ra5+ 97. Ke4 Ra6 98. Bd5 Ra5 99. Ke5 Ra7 100. Ke6 Ra6+ 101. Kf7 Ra5 102. Be4 Ra7+ 103. Kf8 Rd7 104. Bc6 Rd8+ 105. Be8 Rd5 106. Bf7 Rf5 107. Ke7 Kg7 108. Be6 Ra5 109. Bd7 Rc5 110. Bd6 Ra5 111. Bb4 Re5+ 112. Be6 Rb5 113. Bc3+ Kh7 114. Kf6 Rb6 115. Be5 Rb1 116. Bd6 Rf1+ 117. Bf4 Rb1 118. Kf7 Rb6 119. Bd5 Rb5 120. Be4 Rb6 1/2-1/2

[Event "Niemann-Giri Re m"]
[Site "Endgame.AI INT"]
[Date "2025.06.18"]
[Round "10"]
[White "Giri, Anish"]
[Black "Niemann, Hans Moke"]
[Result "1-0"]
[WhiteElo "2748"]
[BlackElo "2736"]
[PlyCount "45"]
[EventDate "2025.06.18"]
[EventType "match (blitz)"]
[EventRounds "18"]
[EventCountry "USA"]
[SourceTitle "CB26_2025"]
[SourceDate "2025.06.25"]
[SourceVersion "1"]
[SourceVersionDate "2025.06.25"]
[SourceQuality "1"]

1. Nf3 d5 2. d4 Nf6 3. c4 e6 4. Nc3 Bb4 5. cxd5 exd5 6. Bg5 h6 7. Bh4 0-0 8. e3 c6 9. Bd3 Bg4 10. Qb3 Bxc3+ 11. bxc3 Bxf3 12. gxf3 Nbd7 13. Qxb7 Qa5 14. Qb4 Qxb4 15. cxb4 Rfb8 16. a3 a5 17. 0-0 axb4 18. Bg3 b3 19. Bxb8 Rxb8 20. a4 c5 21. dxc5 Nxc5 22. Bb5 Ne8 23. Rac1 1-0

[Event "Niemann-Giri Re m"]
[Site "Endgame.AI INT"]
[Date "2025.06.18"]
[Round "1"]
[White "Niemann, Hans Moke"]
[Black "Giri, Anish"]
[Result "0-1"]
[WhiteElo "2736"]
[BlackElo "2748"]
[PlyCount "142"]
[EventDate "2025.06.18"]
[EventType "match (blitz)"]
[EventRounds "18"]
[EventCountry "USA"]
[SourceTitle "CB26_2025"]
[SourceDate "2025.06.25"]
[SourceVersion "1"]
[SourceVersionDate "2025.06.25"]
[SourceQuality "1"]

1. e4 e5 2. Nf3 Nc6 3. Bc4 Nf6 4. d3 Be7 5. Nc3 d6 6. a3 0-0 7. Be3 Be6 8. Nd5 Qc8 9. 0-0 Bd8 10. Bb3 a5 11. c4 Nd7 12. d4 Bg4 13. Kh1 exd4 14. Bxd4 Nxd4 15. Qxd4 Nc5 16. Bc2 c6 17. Ne3 Bxf3 18. gxf3 Qh3 19. Bd1 Ne6 20. Qd2 Bg5 21. Rg1 Bf4 22. Rg3 Bxg3 23. fxg3 Qh6 24. Bc2 Rfd8 25. Kg2 Qf6 26. Rb1 h5 27. h4 a4 28. Bd1 g6 29. Be2 Qd4 30. Rd1 Qxd2 31. Rxd2 Nc5 32. Nd1 Kf8 33. Nc3 Ke7 34. Kf2 Rf8 35. Bd1 f5 36. exf5 Rxf5 37. Bc2 Rf6 38. Ne2 Raf8 39. f4 Kd7 40. Kf3 Re8 41. Nc3 Ra8 42. Re2 Ra6 43. Rd2 Ra7 44. Re2 Ra8 45. Rd2 Re6 46. Kf2 Kc7 47. Kf3 Ra7 48. Kf2 Ra6 49. Kf3 Ra8 50. Kf2 Rae8 51. Kf3 Re3+ 52. Kf2 R3e6 53. Kf3 Nb3 54. Rd1 Re3+ 55. Kf2 R3e6 56. Kf3 Na5 57. Bd3 Re3+ 58. Kf2 Rxd3 59. Rxd3 Nxc4 60. Nxa4 b5 61. b3 Nxa3 62. Nc3 d5 63. Ne2 Nc2 64. f5 gxf5 65. Nf4 Kd6 66. Nxh5 c5 67. Ng7 Rf8 68. h5 c4 69. bxc4 bxc4 70. Rd2 Nb4 71. h6 c3 0-1

[Event "Niemann-Giri Re m"]
[Site "Endgame.AI INT"]
[Date "2025.06.18"]
[Round "5"]
[White "Niemann, Hans Moke"]
[Black "Giri, Anish"]
[Result "1/2-1/2"]
[WhiteElo "2736"]
[BlackElo "2748"]
[PlyCount "77"]
[EventDate "2025.06.18"]
[EventType "match (blitz)"]
[EventRounds "18"]
[EventCountry "USA"]
[SourceTitle "CB26_2025"]
[SourceDate "2025.06.25"]
[SourceVersion "1"]
[SourceVersionDate "2025.06.25"]
[SourceQuality "1"]

1. e4 e5 2. Nf3 Nc6 3. Bc4 Nf6 4. d3 Be7 5. Nc3 d6 6. a3 0-0 7. Be3 Be6 8. Nd5 Qc8 9. 0-0 Bd8 10. Bb3 a5 11. c4 Nd7 12. h3 Nc5 13. Bc2 f5 14. exf5 Bxf5 15. d4 Bxc2 16. Qxc2 exd4 17. Nxd4 Nxd4 18. Bxd4 c6 19. Bxc5 dxc5 20. Nc3 Qf5 21. Qxf5 Rxf5 22. Ne4 Bf6 23. Nxf6+ Rxf6 24. Rad1 Re8 25. Rfe1 Rxe1+ 26. Rxe1 Rf4 27. Re7 b5 28. cxb5 cxb5 29. Ra7 Ra4 30. Rc7 c4 31. Rc5 b4 32. Rxc4 bxa3 33. Rc8+ Kf7 34. bxa3 Rxa3 35. Rc7+ Kf6 36. Rc6+ Kf7 37. Rc7+ Kf6 38. Rc6+ Kf7 39. Rc7+ 1/2-1/2

[Event "Niemann-Giri Re m"]
[Site "Endgame.AI INT"]
[Date "2025.06.18"]
[Round "11"]
[White "Niemann, Hans Moke"]
[Black "Giri, Anish"]
[Result "0-1"]
[WhiteElo "2736"]
[BlackElo "2748"]
[PlyCount "72"]
[EventDate "2025.06.18"]
[EventType "match (blitz)"]
[EventRounds "18"]
[EventCountry "USA"]
[SourceTitle "CB26_2025"]
[SourceDate "2025.06.25"]
[SourceVersion "1"]
[SourceVersionDate "2025.06.25"]
[SourceQuality "1"]

1. e4 e5 2. Nf3 Nc6 3. Bc4 Nf6 4. d3 Be7 5. Nc3 d6 6. a3 0-0 7. 0-0 Bg4 8. h3 Bh5 9. Nd5 Nxd5 10. Bxd5 Qc8 11. c3 Re8 12. Re1 a5 13. Be3 h6 14. Kh2 Nd8 15. g4 Bg6 16. g5 c6 17. Ba2 h5 18. Nh4 Kh7 19. Rg1 Ne6 20. Qf3 Qd7 21. Rad1 c5 22. Kh1 b5 23. Bd5 Rab8 24. d4 cxd4 25. cxd4 exd4 26. Bxd4 Nxg5 27. Rxg5 Bxg5 28. Nxg6 fxg6 29. Rg1 Rf8 30. Qg3 Rf4 31. Kh2 Rh4 32. Be3 Bxe3 33. fxe3 g5 34. Rf1 Rc8 35. Rf7 Rxh3+ 36. Qxh3 Rc2+ 0-1

[Event "Niemann-Giri Rematch"]
[Site "Endgame.AI INT"]
[Date "2025.06.04"]
[Round "9"]
[White "Giri, Anish"]
[Black "Niemann, Hans Moke"]
[Result "1/2-1/2"]
[WhiteElo "2738"]
[BlackElo "2736"]
[PlyCount "109"]
[EventDate "2025.06.04"]
[EventType "match (blitz)"]
[EventRounds "18"]
[EventCountry "USA"]
[SourceTitle "CB24_2025"]
[SourceDate "2025.06.11"]
[SourceVersion "1"]
[SourceVersionDate "2025.06.11"]
[SourceQuality "1"]

1. e4 e5 2. Nf3 Nc6 3. Bb5 a6 4. Ba4 Nf6 5. 0-0 Be7 6. Bxc6 dxc6 7. d3 Nd7 8. Nc3 0-0 9. Be3 Re8 10. a4 b6 11. Ne2 Bd6 12. Nd2 Nf8 13. Ng3 Ng6 14. Nf5 Bf8 15. Qf3 Nh4 16. Nxh4 Qxh4 17. Qe2 Qe7 18. Kh1 Be6 19. b3 Qd7 20. f4 exf4 21. Bxf4 f6 22. Qf2 Bd6 23. Bxd6 Qxd6 24. h3 c5 25. Nf3 b5 26. axb5 axb5 27. Qe3 Rxa1 28. Rxa1 c4 29. bxc4 bxc4 30. d4 Bd5 31. e5 Qe6 32. Re1 Qf5 33. c3 h6 34. Kh2 c6 35. Nd2 fxe5 36. dxe5 Re6 37. Re2 Kh7 38. Qd4 Rg6 39. Qe3 Qd3 40. Qxd3 cxd3 41. Rf2 Rg5 42. c4 Be6 43. Rf3 Rxe5 44. Rxd3 Re2 45. Rd6 Bg8 46. Kg3 c5 47. Kf3 Re5 48. Rc6 Rf5+ 49. Ke3 Re5+ 50. Kf3 Rf5+ 51. Ke3 Re5+ 52. Kd3 Re1 53. Nf3 Rd1+ 54. Ke3 Bxc4 55. Rxc5 1/2-1/2

[Event "Niemann-Giri Rematch"]
[Site "Endgame.AI INT"]
[Date "2025.06.04"]
[Round "2"]
[White "Niemann, Hans Moke"]
[Black "Giri, Anish"]
[Result "0-1"]
[WhiteElo "2736"]
[BlackElo "2738"]
[PlyCount "98"]
[EventDate "2025.06.04"]
[EventType "match (blitz)"]
[EventRounds "18"]
[EventCountry "USA"]
[SourceTitle "CB24_2025"]
[SourceDate "2025.06.11"]
[SourceVersion "1"]
[SourceVersionDate "2025.06.11"]
[SourceQuality "1"]

1. e4 e5 2. Nf3 Nc6 3. Bc4 Nf6 4. d3 Be7 5. Nc3 d6 6. a3 0-0 7. Be3 Be6 8. Nd5 Qc8 9. 0-0 Bd8 10. Bg5 Nd7 11. h3 h6 12. Be3 Nf6 13. Ba2 Bxd5 14. exd5 Ne7 15. c4 Nf5 16. Bd2 a5 17. b4 axb4 18. axb4 c6 19. dxc6 bxc6 20. Bb3 Bc7 21. Re1 Re8 22. Bc3 Rxa1 23. Qxa1 Qb7 24. Qb2 Ra8 25. Bc2 Re8 26. Qa2 Bb6 27. Bb3 c5 28. b5 Ra8 29. Qb2 Ba5 30. Ra1 Bxc3 31. Qxc3 Nd7 32. Bd1 Nb6 33. Nd2 Nd4 34. Ne4 Rxa1 35. Qxa1 Qb8 36. Nc3 Kh7 37. Qa6 Qd8 38. g3 f5 39. Kg2 d5 40. Na4 Nxa4 41. Bxa4 e4 42. b6 exd3 43. b7 Qe7 44. b8Q Qe4+ 45. Kg1 Nf3+ 46. Kf1 Nd2+ 47. Kg1 Qe1+ 48. Kg2 Qf1+ 49. Kh2 Nf3# 0-1

[Event "Niemann-Giri Rematch"]
[Site "Endgame.AI INT"]
[Date "2025.06.04"]
[Round "8"]
[White "Niemann, Hans Moke"]
[Black "Giri, Anish"]
[Result "1/2-1/2"]
[WhiteElo "2736"]
[BlackElo "2738"]
[PlyCount "119"]
[EventDate "2025.06.04"]
[EventType "match (blitz)"]
[EventRounds "18"]
[EventCountry "USA"]
[SourceTitle "CB24_2025"]
[SourceDate "2025.06.11"]
[SourceVersion "1"]
[SourceVersionDate "2025.06.11"]
[SourceQuality "1"]

1. e4 e5 2. Nf3 Nc6 3. Bc4 Nf6 4. d3 Be7 5. Nc3 d6 6. a3 0-0 7. Be3 Be6 8. Nd5 Qd7 9. 0-0 Bd8 10. Bg5 Ne8 11. h3 f5 12. Bxd8 Nxd8 13. Ng5 c6 14. Qh5 g6 15. Qh6 fxe4 16. Ne3 d5 17. Bb3 exd3 18. cxd3 Qg7 19. Qh4 h6 20. Nxe6 Nxe6 21. Rae1 Nd4 22. Bd1 Nd6 23. f3 Rae8 24. Qf2 h5 25. Nc2 N6f5 26. Nb4 h4 27. Qd2 Ng3 28. Rf2 g5 29. Na2 Kh7 30. Nc3 Kh6 31. b4 a6 32. a4 Qf6 33. b5 axb5 34. axb5 Ra8 35. Qb2 Ra7 36. Qb4 Rfa8 37. bxc6 bxc6 38. f4 gxf4 39. Kh2 Ra1 40. Qb7 R8a3 41. Qb4 Ngf5 42. Rg1 Ne3 43. Bg4 Rb3 44. Qc5 Rxg1 45. Kxg1 Nxg4 46. hxg4 Kg5 47. Kh2 Kxg4 48. Nd1 Kh5 49. Ne3 Qg6 50. Nf1 Rb1 51. Qe7 Qg3+ 52. Kg1 Qg5 53. Qh7+ Kg4 54. Kh2 f3 55. Qd7+ Kf4 56. Qf7+ Qf5 57. Qg7 Qg5 58. Qf7+ Qf5 59. Qg7 Qg5 60. Qf7+ 1/2-1/2

[Event "Niemann-Giri Rematch"]
[Site "Endgame.AI INT"]
[Date "2025.06.04"]
[Round "16"]
[White "Niemann, Hans Moke"]
[Black "Giri, Anish"]
[Result "0-1"]
[WhiteElo "2736"]
[BlackElo "2738"]
[PlyCount "74"]
[EventDate "2025.06.04"]
[EventType "match (blitz)"]
[EventRounds "18"]
[EventCountry "USA"]
[SourceTitle "CB24_2025"]
[SourceDate "2025.06.11"]
[SourceVersion "1"]
[SourceVersionDate "2025.06.11"]
[SourceQuality "1"]

1. e4 e5 2. Nf3 Nc6 3. Bc4 Nf6 4. d3 Be7 5. 0-0 0-0 6. Re1 d6 7. a4 Be6 8. Nbd2 h6 9. b3 Nh7 10. c3 Ng5 11. Ra2 a5 12. h3 Kh8 13. d4 exd4 14. Nxd4 Bxc4 15. Nxc4 Ne6 16. Nb5 Bg5 17. Qg4 Bxc1 18. Rxc1 Ne5 19. Nxe5 dxe5 20. Rd1 Qe7 21. Qg3 Nf4 22. Kh2 Rad8 23. Rad2 Rxd2 24. Rxd2 Rd8 25. Qe3 c6 26. Rxd8+ Qxd8 27. Na3 Qd1 28. Nc4 Qf1 29. Qf3 Ne2 30. h4 Qg1+ 31. Kh3 Nf4+ 32. Kg3 f6 33. Nxa5 Qh1 34. h5 Nxh5+ 35. Kg4 g6 36. Qh3 Qd1+ 37. f3 Qd2 0-1

[Event "Titled Tuesday intern op 03rd Jan Late"]
[Site "Chess.com INT"]
[Date "2025.06.03"]
[Round "1"]
[White "Khademi, Mahdi"]
[Black "Niemann, Hans Moke"]
[Result "0-1"]
[WhiteElo "2138"]
[BlackElo "2736"]
[PlyCount "62"]
[EventDate "2025.06.03"]
[EventType "swiss (blitz)"]
[EventRounds "11"]
[EventCountry "USA"]
[SourceTitle "CB24_2025"]
[SourceDate "2025.06.11"]
[SourceVersion "1"]
[SourceVersionDate "2025.06.11"]
[SourceQuality "1"]

1. e4 e5 2. Nf3 Nc6 3. Bc4 Nf6 4. d3 Be7 5. 0-0 0-0 6. a4 d5 7. exd5 Nxd5 8. Re1 Bg4 9. h3 Bh5 10. g4 Bg6 11. Nxe5 Nxe5 12. Rxe5 c6 13. Nc3 Bd6 14. Re1 Nxc3 15. bxc3 Kh8 16. Qf3 Qh4 17. Bf4 Bxf4 18. Qxf4 f5 19. Qg3 Qf6 20. g5 Qxc3 21. Rab1 f4 22. Qh4 b6 23. Re6 Qxc2 24. Rxg6 Qxb1+ 25. Kh2 Qb2 26. Rxc6 Qe5 27. Re6 Qf5 28. Re4 Rae8 29. g6 Qxg6 30. Bd5 f3 31. Rg4 Qd6+ 0-1